[Event "Bad Woerishofen Seniors opA 22th"]
[Site "Bad Woerishofen"]
[Date "2006.03.22"]
[Round "6"]
[White "Rahn, Oskar"]
[Black "Bierbach, Utz Friedrich"]
[Result "1-0"]
[WhiteElo "2060"]
[BlackElo "1827"]
[PlyCount "109"]
[EventDate "2006.03.17"]
[EventType "swiss"]
[EventRounds "9"]
[EventCountry "GER"]
[SourceTitle "EXT 2022"]
[Source "ChessBase"]
[SourceDate "2021.10.06"]
[SourceVersion "1"]
[SourceVersionDate "2021.10.06"]
[SourceQuality "1"]

1. e4 c5 2. Nf3 e6 3. d4 cxd4 4. Nxd4 Nf6 5. Nc3 d6 6. g3 Nc6 7. Bg2 e5 8. Nde2 h6 9. Be3 Be6 10. Nd5 Bxd5 11. exd5 Nb8 12. 0-0 Be7 13. c4 Nbd7 14. a4 0-0 15. Nc3 b6 16. Qe2 Nh7 17. g4 Bg5 18. Ne4 Bxe3 19. fxe3 Nc5 20. Ng3 Qd7 21. Qc2 g6 22. b4 Nb7 23. Ne4 Kg7 24. Qf2 f5 25. gxf5 gxf5 26. Ng3 f4 27. exf4 Kh8 28. f5 a5 29. Qxb6 axb4 30. Qxb4 Nc5 31. Ra3 Rg8 32. Kh1 Nf6 33. a5 Qg7 34. Qd2 Kh7 35. Qf2 Qc7 36. Qe2 Rxa5 37. Rxa5 Qxa5 38. Bf3 Qc3 39. Rg1 Qd4 40. Bh5 Rg5 41. Rg2 Qf4 42. Bg6+ Kh8 43. Qf2 Qxc4 44. Qa2 Qxa2 45. Rxa2 Nxd5 46. Ra8+ Kg7 47. Nh5+ Rxh5 48. Bxh5 Kf6 49. Bg6 Ne4 50. h4 Nf4 51. Rf8+ Kg7 52. Rf7+ Kg8 53. h5 Ng5 54. Rd7 d5 55. f6 1-0

[Event "Bayern-ch Seniors 17th"]
[Site "Schloss Schney"]
[Date "2005.06.17"]
[Round "8"]
[White "Thieme, Hans"]
[Black "Bierbach, Utz Friedrich"]
[Result "1-0"]
[WhiteElo "1947"]
[BlackElo "1744"]
[PlyCount "87"]
[EventDate "2005.06.10"]
[EventType "swiss"]
[EventRounds "9"]
[EventCountry "GER"]
[SourceTitle "EXT 2006"]
[Source "ChessBase"]
[SourceDate "2005.11.24"]
[SourceVersion "1"]
[SourceVersionDate "2005.11.24"]
[SourceQuality "1"]

1. Nf3 Nf6 2. d4 d5 3. e3 e6 4. Bd3 Nbd7 5. Nbd2 c6 6. 0-0 Be7 7. Re1 0-0 8. e4 dxe4 9. Nxe4 Nxe4 10. Rxe4 Re8 11. c3 Nf8 12. Qc2 Ng6 13. Ne5 Bf6 14. Bd2 Bd7 15. Rc1 a5 16. f4 Bxe5 17. fxe5 c5 18. Be3 Bc6 19. Rg4 cxd4 20. Bxd4 b6 21. Qf2 Rb8 22. Qg3 Rb7 23. h4 h5 24. Rg5 Qd5 25. b3 Qxg2+ 26. Qxg2 Bxg2 27. Rxg2 Nxh4 28. Rg3 g6 29. Be4 Rbb8 30. Kf2 Nf5 31. Bxf5 exf5 32. Kf3 Kh7 33. Kf4 Re6 34. Rd3 Rb7 35. Rcd1 Kh6 36. c4 Rd7 37. Bc3 Rxd3 38. Rxd3 h4 39. Rd6 Kh5 40. Rd8 g5+ 41. Kxf5 h3 42. Rd1 g4 43. Be1 Rg6 44. Bg3 1-0

[Event "Bayern-ch Seniors 17th"]
[Site "Schloss Schney"]
[Date "2005.06.12"]
[Round "3"]
[White "Bierbach, Utz Friedrich"]
[Black "Eckstein, Luise"]
[Result "1-0"]
[WhiteElo "1744"]
[BlackElo "1127"]
[PlyCount "57"]
[EventDate "2005.06.10"]
[EventType "swiss"]
[EventRounds "9"]
[EventCountry "GER"]
[SourceTitle "EXT 2006"]
[Source "ChessBase"]
[SourceDate "2005.11.24"]
[SourceVersion "1"]
[SourceVersionDate "2005.11.24"]
[SourceQuality "1"]

1. d4 d5 2. Nf3 Nc6 3. e3 a6 4. c4 e6 5. Nc3 Nf6 6. a3 Bd7 7. cxd5 exd5 8. Bd3 Be6 9. h3 g6 10. 0-0 Qd7 11. Ng5 0-0-0 12. Nxe6 fxe6 13. Bd2 Qe8 14. Rc1 Kb8 15. b4 Na7 16. Qb3 Be7 17. a4 c6 18. b5 cxb5 19. axb5 Nxb5 20. Nxb5 Rc8 21. Rxc8+ Qxc8 22. Nc3 Qc6 23. Rc1 Bc5 24. dxc5 Rc8 25. Na4 Nd7 26. Be2 Ka7 27. Nb6 Rc7 28. Nxd7 Rxd7 29. Ba5 1-0

[Event "Bad Wildungen Seniors op-A 1st"]
[Site "Bad Wildungen"]
[Date "2004.07.09"]
[Round "7"]
[White "Delander, Adolf"]
[Black "Bierbach, Utz Friedrich"]
[Result "1-0"]
[WhiteElo "2018"]
[BlackElo "1779"]
[PlyCount "81"]
[EventDate "2004.07.03"]
[EventType "swiss"]
[EventRounds "9"]
[EventCountry "GER"]
[SourceTitle "EXT 2006"]
[Source "ChessBase"]
[SourceDate "2005.11.24"]
[SourceVersion "1"]
[SourceVersionDate "2005.11.24"]
[SourceQuality "1"]

1. d4 Nf6 2. Nf3 d6 3. c4 c6 4. Nc3 Bg4 5. e4 Nbd7 6. Be2 e5 7. Be3 Qc7 8. 0-0 Be7 9. h3 Bh5 10. Rc1 0-0 11. Qc2 a6 12. Nh2 Bg6 13. Kh1 h6 14. Bd3 Rac8 15. Ne2 exd4 16. Bxd4 Ne5 17. Ng3 Nxd3 18. Qxd3 c5 19. Bc3 Qc6 20. Rfe1 Rfe8 21. Re2 Nh5 22. Nxh5 Bxh5 23. f3 b5 24. b3 Bg6 25. Nf1 Bg5 26. Rd1 Rcd8 27. Ne3 Bxe3 28. Rxe3 b4 29. Be1 Re6 30. Bg3 a5 31. Qd2 a4 32. Rd3 axb3 33. axb3 f5 34. exf5 Bxf5 35. Rd5 Bg6 36. Bxd6 Qe8 37. Bxc5 Rxd5 38. Qxd5 Kh7 39. Bxb4 Bc2 40. Rc1 Bxb3 41. Qd3+ 1-0

[Event "Bayern-ch Seniors 16th"]
[Site "Schloss Schney"]
[Date "2004.06.09"]
[Round "4"]
[White "Siegmund, Rainer"]
[Black "Bierbach, Utz Friedrich"]
[Result "1-0"]
[WhiteElo "1931"]
[BlackElo "1778"]
[PlyCount "67"]
[EventDate "2004.06.06"]
[EventType "swiss"]
[EventRounds "9"]
[EventCountry "GER"]
[SourceTitle "EXT 2006"]
[Source "ChessBase"]
[SourceDate "2005.11.24"]
[SourceVersion "1"]
[SourceVersionDate "2005.11.24"]
[SourceQuality "1"]

1. d4 d5 2. c4 c6 3. Nf3 Bg4 4. Ne5 Bh5 5. Qb3 Qb6 6. Qxb6 axb6 7. cxd5 cxd5 8. Nc3 e6 9. e3 Nc6 10. Bb5 Rc8 11. g4 Bg6 12. Bd2 Bd6 13. f4 Bxe5 14. fxe5 h5 15. g5 Nge7 16. Na4 0-0 17. Nxb6 Rc7 18. Rc1 Nc8 19. Na4 N8a7 20. Be2 Be4 21. 0-0 g6 22. b4 Rfc8 23. Nc5 b6 24. Nxe4 dxe4 25. Ba6 Rd8 26. Bc3 Ne7 27. a4 Nd5 28. Bd2 Nc8 29. Bb7 Nce7 30. a5 bxa5 31. bxa5 Rcd7 32. a6 Nf5 33. Kf2 Rc7 34. Rxc7 1-0

[Event "Kaiserbrunnen op 1st"]
[Site "Brakel"]
[Date "2003.10.31"]
[Round "7"]
[White "Bierbach, Utz Friedrich"]
[Black "Romanow, Werner"]
[Result "0-1"]
[WhiteElo "2024"]
[BlackElo "2080"]
[PlyCount "94"]
[EventDate "2003.07.??"]
[EventType "swiss"]
[EventRounds "9"]
[EventCountry "GER"]
[SourceTitle "EXT 2006"]
[Source "ChessBase"]
[SourceDate "2005.11.24"]
[SourceVersion "1"]
[SourceVersionDate "2005.11.24"]
[SourceQuality "1"]

1. e4 c5 2. c4 Nc6 3. Ne2 g6 4. d4 cxd4 5. Nxd4 Bg7 6. Be3 Nf6 7. Nc3 d6 8. Be2 Bd7 9. 0-0 0-0 10. h3 Nxd4 11. Bxd4 Bc6 12. Bf3 Nd7 13. Rc1 Bh6 14. Rc2 a5 15. Re1 Rc8 16. b3 Re8 17. Bg4 e6 18. Be3 Bf8 19. Qd2 Qc7 20. Rd1 Nf6 21. Bf3 e5 22. Bh6 Bxh6 23. Qxh6 Qe7 24. Rcd2 Red8 25. Qe3 Qc7 26. g4 Ne8 27. Kg2 Ng7 28. Nd5 Bxd5 29. exd5 f5 30. Kh2 Qe7 31. Qh6 e4 32. Re1 Qe5+ 33. Kg1 Qc3 34. Bg2 Re8 35. Qe3 Qxe3 36. fxe3 Kf7 37. Rf1 Kf6 38. Kh2 Ke5 39. Rd4 b5 40. Rf4 bxc4 41. gxf5 gxf5 42. bxc4 Nh5 43. Rh4 Nf6 44. Kg1 Rc7 45. Kf2 Rb8 46. Rd2 Rxc4 47. Bf1 Rc5 0-1

[Event "Kaiserbrunnen op 1st"]
[Site "Brakel"]
[Date "2003.10.31"]
[Round "2"]
[White "Bierbach, Utz Friedrich"]
[Black "Thonig, Manfred"]
[Result "1/2-1/2"]
[WhiteElo "2024"]
[BlackElo "1521"]
[PlyCount "127"]
[EventDate "2003.07.??"]
[EventType "swiss"]
[EventRounds "9"]
[EventCountry "GER"]
[SourceTitle "EXT 2006"]
[Source "ChessBase"]
[SourceDate "2005.11.24"]
[SourceVersion "1"]
[SourceVersionDate "2005.11.24"]
[SourceQuality "1"]

1. d4 f5 2. g3 b6 3. Bg2 Nc6 4. Nh3 Bb7 5. 0-0 Nf6 6. c4 e6 7. Nc3 Be7 8. e4 fxe4 9. Nxe4 0-0 10. a3 Nxe4 11. Bxe4 Na5 12. Bxb7 Nxb7 13. d5 e5 14. b4 d6 15. Bb2 Qd7 16. Kg2 Qf5 17. Qe2 Rae8 18. f3 Nd8 19. Qe4 Qh5 20. Ng1 Nf7 21. a4 Ng5 22. Qe3 Nf7 23. a5 Bg5 24. Qe4 Qh6 25. axb6 axb6 26. Ra7 Be3 27. h4 Bxg1 28. Kxg1 Qd2 29. Rf2 Qxb4 30. Ba3 Qb3 31. Bc1 Re7 32. Kg2 b5 33. cxb5 Qxb5 34. Rb2 Qe8 35. Rbb7 Qc8 36. Qc4 e4 37. Rxc7 exf3+ 38. Kf2 Rxc7 39. Qxc7 Qh3 40. Bf4 Qg2+ 41. Ke3 Re8+ 42. Kd3 Qe2+ 43. Kc3 Qe1+ 44. Bd2 Qe5+ 45. Kc2 Qxd5 46. Ra5 Qd4 47. Ra7 Qc5+ 48. Qxc5 dxc5 49. Ra1 Ne5 50. Rf1 c4 51. Bf4 Nd3 52. Kc3 f2 53. Bd2 Re1 54. Rxf2 Nxf2 55. Bxe1 Ng4 56. Kxc4 Kf7 57. Kd4 h5 58. Ke4 g6 59. Bc3 Nf2+ 60. Kf3 Ng4 61. Kf4 Nh6 62. Be1 Nf5 63. g4 Ng7 64. gxh5 1/2-1/2

[Event "Bayern-ch Seniors 15th"]
[Site "Schloss Schney"]
[Date "2003.06.21"]
[Round "9.15"]
[White "Bierbach, Utz Friedrich"]
[Black "Lueders, Guenter"]
[Result "1-0"]
[WhiteElo "1766"]
[BlackElo "1689"]
[PlyCount "85"]
[EventDate "2003.06.13"]
[EventType "swiss"]
[EventRounds "9"]
[EventCountry "GER"]
[SourceTitle "EXT 2004"]
[Source "ChessBase"]
[SourceDate "2003.11.25"]
[SourceVersion "1"]
[SourceVersionDate "2003.11.25"]
[SourceQuality "1"]

1. d4 d5 2. c4 e6 3. Nf3 Nf6 4. g3 c6 5. Bg2 Be7 6. 0-0 0-0 7. b3 Nbd7 8. Bb2 b6 9. Nbd2 Bb7 10. Ne5 Rc8 11. Rc1 b5 12. e4 dxc4 13. bxc4 b4 14. Nxd7 Nxd7 15. e5 a5 16. h4 Ba8 17. c5 Bb7 18. Re1 Re8 19. Ne4 Bf8 20. Nd6 Bxd6 21. cxd6 Nb6 22. Be4 Nd5 23. Bd3 f5 24. Rc5 Rf8 25. Qh5 g6 26. Qh6 Rf7 27. Kh2 f4 28. g4 f3 29. Bc1 Ra8 30. Kg3 Ba6 31. Bxg6 hxg6 32. Qxg6+ Rg7 33. Qxe6+ Kh8 34. Bg5 Qf8 35. Rxc6 Rxg5 36. hxg5 Qf4+ 37. Kh3 Qxd4 38. Qh6+ Kg8 39. Qg6+ Kf8 40. Qf5+ Kg8 41. Kg3 Rf8 42. Qg6+ Kh8 43. Rh1# 1-0

[Event "Bayern-ch Seniors 15th"]
[Site "Schloss Schney"]
[Date "2003.06.14"]
[Round "2.14"]
[White "Macher, Claus"]
[Black "Bierbach, Utz Friedrich"]
[Result "1-0"]
[WhiteElo "1977"]
[BlackElo "1766"]
[PlyCount "58"]
[EventDate "2003.06.13"]
[EventType "swiss"]
[EventRounds "9"]
[EventCountry "GER"]
[SourceTitle "EXT 2004"]
[Source "ChessBase"]
[SourceDate "2003.11.25"]
[SourceVersion "1"]
[SourceVersionDate "2003.11.25"]
[SourceQuality "1"]

1. d4 Nf6 2. c4 c5 3. d5 b5 4. cxb5 g6 5. Nc3 a6 6. e4 d6 7. Bd3 Bg7 8. Nge2 0-0 9. 0-0 axb5 10. Bxb5 Qa5 11. a4 Ba6 12. Bd2 Nbd7 13. Qc2 Rfb8 14. Bxa6 Qxa6 15. Nb5 Rb7 16. Bc3 Qb6 17. h3 Nb8 18. Kh1 Na6 19. Ng3 h5 20. f4 Nb4 21. Qb1 h4 22. Ne2 Qd8 23. Be1 e6 24. dxe6 fxe6 25. Bxh4 e5 26. f5 gxf5 27. Rxf5 Rf7 28. Qd1 Rd7 29. Qb3+ Rf7 1-0